GIS Newsletter (Record no. 119012)

MARC details
000 -LEADER
fixed length control field 00576cas a22001935a 4500
001 - CONTROL NUMBER
control field L138667
008 - FIXED-LENGTH DATA ELEMENTS--GENERAL INFORMATION
fixed length control field 070702d19921999xxkqr p 0 a0eng u
035 ## - SYSTEM CONTROL NUMBER
System control number (Sirsi) u138667
041 0# - LANGUAGE CODE
Language code of text/sound track or separate title eng
110 2# - MAIN ENTRY--CORPORATE NAME
Corporate name or jurisdiction name as entry element Guild of Incorporated Surveyors
9 (RLIN) 5250
245 00 - TITLE STATEMENT
Title GIS Newsletter
260 ## - PUBLICATION, DISTRIBUTION, ETC.
Place of publication, distribution, etc. Oldham
Name of publisher, distributor, etc. GIS
Date of publication, distribution, etc. 1992-1999
362 0# - DATES OF PUBLICATION AND/OR SEQUENTIAL DESIGNATION
Dates of publication and/or sequential designation Spring 1992-January 1999
554 ## -
-- Four per year
651 #4 - SUBJECT ADDED ENTRY--GEOGRAPHIC NAME
Geographic name United Kingdom
Chronological subdivision
690 ## - LOCAL SUBJECT ADDED ENTRY--TOPICAL TERM (OCLC, RLIN)
Topical term or geographic name as entry element MANAGEMENT-BUSINESS MANAGEMENT-PROFESSIONAL PRACTICE
780 00 - PRECEDING ENTRY
Title Survey
Edition Quarterly Journal of the Guild of Surveyors
International Standard Serial Number 0306-2198
942 ## - ADDED ENTRY ELEMENTS (KOHA)
Suppress in OPAC 0
Holdings
Withdrawn status Lost status Source of classification or shelving scheme Damaged status Not for loan Home library Current library Shelving location Date acquired Total Checkouts Full call number Barcode Date last seen Price effective from Koha item type
    Dewey Decimal Classification     London London Basement 02/07/2007   GIS NEWSLETTER 138667-1001 06/08/2019 06/08/2019 Journal